Vida rural en chile durante el siglo xix /
Guardado en:
| Autor Principal: | |
|---|---|
| Formato: | Libro |
| Publicado: |
Santiago De Chile :
La Academia,
2001
|
| Materias: | |
| Etiquetas: |
Agregar Etiqueta
Sin Etiquetas, Sea el primero en etiquetar este registro!
|
| LEADER | 00633nam a22001935a 4500 | ||
|---|---|---|---|
| 001 | EHU.bham024346 | ||
| 003 | AR-BHAM | ||
| 005 | 20130507142847.0 | ||
| 008 | 130507s2001##################000#0#####d | ||
| 082 | 9 | 8 | |a 983.04 |
| 100 | 1 | |a Academia Chilena De La Historia | |
| 245 | 1 | 0 | |a Vida rural en chile durante el siglo xix / |c Cademia Chilena De La Historia |
| 260 | |a Santiago De Chile : |b La Academia, |c 2001 | ||
| 300 | |a 329 p. | ||
| 653 | |a Donacion lejarraga | ||
| 653 | |a Chile | ||
| 653 | |a Historia de chile-1810-1830 [republica] | ||
| 653 | |a Historia de chile-1861-1891 | ||
| 859 | |a AR-BHAM |b BIB. HUMANIDADES - General |h 983.04 |i AC12 |p 139.02 |t Ej.1 | ||
